000 00184 a2200097 4500
020 _a9780440245117
041 _aeng
100 _aGrisham,John
245 _aThe Confession
942 _cBK
999 _c14855
_d14855